000
00391nam a2200145Ia 4500
008
230917s9999||||xx |||||||||||||| ||und||
040
_e
177270
_a
MAIN
041
_a
English
082
_a
891.431731 CK455J
100
_a
चोपङा, कमल
245
0
_a
जगंल की यातनाएँ
260
_a
दिल्ली
_b
अयन
_c
1981
300
_a
64 p.
942
_c
HN
999
_c
227065
_d
227065